Biodiversity, brownfield sites and housing (Record no. 60153)

MARC details
000 -LEADER
fixed length control field 00925cam a2200265 4500
001 - CONTROL NUMBER
control field ABS61380
008 - FIXED-LENGTH DATA ELEMENTS--GENERAL INFORMATION
fixed length control field 000000n1999 000 0 eng u
035 ## - SYSTEM CONTROL NUMBER
System control number (Sirsi) u100557
100 ## - MAIN ENTRY--PERSONAL NAME
Personal name Box, J.
245 ## - TITLE STATEMENT
Title Biodiversity, brownfield sites and housing
260 ## - PUBLICATION, DISTRIBUTION, ETC.
Date of publication, distribution, etc. 1999
490 ## - SERIES STATEMENT
Series statement Town & Country Planning
Volume/sequential designation 68(10) October 1999, 306-309(4)
520 ## - SUMMARY, ETC.
Summary, etc. Looks at quality of life issues for both people and the wildlife affected by the current housing debate. Traces the history of the debate from 1995, discusses brownfield sites and wildlife, biodiversity issues and recommendations for the future.
590 ## - LOCAL NOTE (RLIN)
Local note ABS
650 ## - SUBJECT ADDED ENTRY--TOPICAL TERM
Topical term or geographic name entry element GREENFIELD SITES
650 ## - SUBJECT ADDED ENTRY--TOPICAL TERM
Topical term or geographic name entry element BROWNFIELD SITES
650 ## - SUBJECT ADDED ENTRY--TOPICAL TERM
Topical term or geographic name entry element BIODIVERSITY
650 ## - SUBJECT ADDED ENTRY--TOPICAL TERM
Topical term or geographic name entry element HOUSE BUILDING
650 ## - SUBJECT ADDED ENTRY--TOPICAL TERM
Topical term or geographic name entry element HOUSEHOLD PROJECTIONS
650 ## - SUBJECT ADDED ENTRY--TOPICAL TERM
Topical term or geographic name entry element NEW HOUSES
650 ## - SUBJECT ADDED ENTRY--TOPICAL TERM
Topical term or geographic name entry element QUALITY OF LIFE
690 ## - LOCAL SUBJECT ADDED ENTRY--TOPICAL TERM (OCLC, RLIN)
Topical term or geographic name as entry element HOUSING-DEVELOPMENT
700 ## - ADDED ENTRY--PERSONAL NAME
Personal name Shirley, P.
942 ## - ADDED ENTRY ELEMENTS (KOHA)
Suppress in OPAC 0
Holdings
Withdrawn status Lost status Source of classification or shelving scheme Damaged status Not for loan Home library Current library Shelving location Date acquired Total Checkouts Full call number Barcode Date last seen Copy number Price effective from Koha item type
    Dewey Decimal Classification     London London Journal article 19/10/1999   ABS61380 100557-1001 06/08/2019 1 06/08/2019 Journal article